zpět

Detail výsledku týmu

Barovna, Liberec

Datum a čas kvízu

41 Celkem bodů Celkový počet nahraných bodů na tomto kvízu bez doplňovacích otázek.
2. Pořadí na kvízu Konečné umístění týmu na tomto kvízu.

Zaznamenané odpovědi

# Otázka Odpověď Body Výsledky
1. Bývalý senátor, europoslanec a... Jaromír Štětina 1
2. Skotský parlament minulý týden... o menstruační potřeby 1
3. Americká influencerka Natalia... v obchodě IKEA 1
4. Britský maloobchodní řetězec T... mají různé odstíny podle barev pleti 0
5. Český profesionální cyklista p... Leopold König 0
6. Peníze máme v ruce každý den,... Padělání bankovek se trestá podle zákona. 1
7. Která z těchto osobností jako... A 0
8. Celkem kolikrát je na obou str... čtyřikrát 1
9. Kolik Kč činí nominální hodnot... 200 Kč 1
10. Které z mincí o hodnotě 1 až 5... všechny 0